Вестник Тюменского государственного института культуры. 2021, вып. 4 (22): Материалы XII Всероссийской научно-практической конференции с международным участием "Социум. Культура. Личность. Досуг: творчество и коммуникации в культурной среде", [18-19 ноября 2021 г., г. Тюмень] (Запись № 12920774)

Подробности
000 -МАРКЕР
контрольное поле 02593nam2a2200265 4500
001 - ИДЕНТИФИКАТОР ЗАПИСИ
контрольное поле RU\NLR\BIBL_A\022160637
005 - ИДЕНТИФИКАТОР ВЕРСИИ
контрольное поле 20260408204718.0
035 ## - ДРУГИЕ СИСТЕМНЫЕ НОМЕРА
Идентификатор записи (NLR Aleph) 022160637
100 ## - ДАННЫЕ ОБЩЕЙ ОБРАБОТКИ
Данные общей обработки 20240311d2021 |||y0rusy50 ca
101 0# - ЯЗЫК РЕСУРСА
Язык текста, звукозаписи и т.д. русский
102 ## - СТРАНА ПУБЛИКАЦИИ ИЛИ ПРОИЗВОДСТВА
Страна публикации Российская Федерация
200 1# - ЗАГЛАВИЕ И СВЕДЕНИЯ ОБ ОТВЕТСТВЕННОСТИ
Основное заглавие Материалы XII Всероссийской научно-практической конференции с международным участием "Социум. Культура. Личность. Досуг: творчество и коммуникации в культурной среде", [18-19 ноября 2021 г., г. Тюмень]
210 ## - ПУБЛИКАЦИЯ, РАСПРОСТРАНЕНИЕ И ДР.
Дата издания, распространения и т.д. 2021
Место издания, распространения и т.д. Б. м.
461 #0 - УРОВЕНЬ НАБОРА
Встроенное поле 001RU\NLR\Per\1208369
-- 2001#$aВестник Тюменского государственного института культуры$dHerald of Tyumen state institute of culture$eнаучный журнал$fФедерал. гос. бюджет. образоват. учреждение высш. образования "Тюмен. гос. ин-т культуры"$zeng$v2021, вып. 4 (22)
Системный номер (АБИС) связанной записи 11359795
Автор Тюменский государственный институт культуры
Место публикации Тюмень
Дата публикации 2015 -
Первые сведения об ответственности Федерал. гос. бюджет. образоват. учреждение высш. образования "Тюмен. гос. ин-т культуры"
Параллельное заглавие Herald of Tyumen state institute of culture
Имя издателя, распространителя и т.д. Редакционно-издательский центр Тюменского государственного института культуры
Сведения, относящиеся к заглавию научный журнал
Заглавие Вестник Тюменского государственного института культуры
ISSN 2413-7898
Номер тома 2021, вып. 4 (22)
606 1# - НАИМЕНОВАНИЕ ТЕМЫ КАК ПРЕДМЕТ
Наименование темы Культурно-досуговая деятельность
Формальный подзаголовок Съезды, совещания и т.п
Географический подзаголовок Тюменская область
Системный номер авторитетной/нормативной записи 2583326
Идентификатор авторитетной/нормативной записи RU\NLR\AUTH\6601737461
606 ## - НАИМЕНОВАНИЕ ТЕМЫ КАК ПРЕДМЕТ
Наименование темы Туризм
Географический подзаголовок Тюменская область
Формальный подзаголовок Съезды, совещания и т.п
Идентификатор авторитетной/нормативной записи RU\NLR\AUTH\661580723
Системный номер авторитетной/нормативной записи 2113819
686 1# - ИНДЕКСЫ ДРУГИХ КЛАССИФИКАЦИЙ
Индекс Ч714(2Р-6Тю)я431
686 1# - ИНДЕКСЫ ДРУГИХ КЛАССИФИКАЦИЙ
Индекс Ч518.14(2Р-4Тю)я431
710 12 - НАИМЕНОВАНИЕ ОРГАНИЗАЦИИ - ПЕРВИЧНАЯ ОТВЕТСТВЕННОСТЬ
Начальный элемент ввода "Социум. Культура. Личность. Досуг: творчество и коммуникации в культурной среде", всероссийская научно-практическая конференция с международным участием
Порядковый номер временной организации и / или порядковый номер ее части 12
Место проведения временной организации Тюмень
Дата проведения временной организации 2021
Системный номер авторитетной/нормативной записи 877571
Идентификатор авторитетной/нормативной записи RU\NLR\AUTH\880605720
852 ## - МЕСТОНАХОЖДЕНИЕ И ШИФР ХРАНЕНИЯ
Идентификатор организации NLR
Шифр хранения (Call Number) П29/1953
942 ## - ДОПОЛНИТЕЛЬНЫЕ ЭЛЕМЕНТЫ ЗАПИСИ (АБИС)
Тип экземпляра АБИС Выпуск
980 ## - КОЛЛЕКЦИЯ
Название коллекции Национальная библиография
980 ## - КОЛЛЕКЦИЯ
Название коллекции Русская периодика

Нет доступных экземпляров.